[Event "Agosto de Victorias op"]
[Site "Mayabeque"]
[Date "2018.08.07"]
[Round "8"]
[White "Barroso Abreu, German"]
[Black "Gil Hernandez, Sebastian"]
[Result "1/2-1/2"]
[WhiteElo "2021"]
[BlackElo "1601"]
[PlyCount "78"]
[EventDate "2018.08.04"]
[EventType "swiss"]
[EventRounds "9"]
[EventCountry "CUB"]
[SourceTitle "EXT 2021"]
[Source "ChessBase"]
[SourceDate "2020.10.23"]
[SourceVersion "1"]
[SourceVersionDate "2020.10.23"]
[SourceQuality "1"]

1. e4 c5 2. Nf3 d6 3. Bb5+ Bd7 4. Bxd7+ Qxd7 5. c4 Nc6 6. Nc3 Nf6 7. d4 cxd4 8. Nxd4 g6 9. f3 Bg7 10. Be3 0-0 11. 0-0 Rfd8 12. Qd2 e6 13. Rfd1 d5 14. Nxc6 bxc6 15. cxd5 cxd5 16. exd5 Nxd5 17. Nxd5 exd5 18. Bd4 Bxd4+ 19. Qxd4 Qe6 20. Rd2 Rd7 21. Rad1 Rad8 22. b4 Qb6 23. Kf2 Qxd4+ 24. Rxd4 Kf8 25. Ke3 Ke7 26. Rc1 Rd6 27. b5 Re6+ 28. Kd3 Red6 29. Ra4 R8d7 30. Kd4 Re6 31. Rc2 Rb6 32. Rb4 a6 33. Rc5 Rxb5 34. Rbxb5 axb5 35. Rxb5 Ra7 36. Rb2 Kd6 37. Rb6+ Ke7 38. Rb2 Kd6 39. Rb6+ Ke7 1/2-1/2

[Event "Agosto de Victorias op"]
[Site "Mayabeque"]
[Date "2018.08.05"]
[Round "3"]
[White "Guzman Pino, Daniela"]
[Black "Barroso Abreu, German"]
[Result "0-1"]
[WhiteElo "1736"]
[BlackElo "2021"]
[PlyCount "48"]
[EventDate "2018.08.04"]
[EventType "swiss"]
[EventRounds "9"]
[EventCountry "CUB"]
[SourceTitle "EXT 2021"]
[Source "ChessBase"]
[SourceDate "2020.10.23"]
[SourceVersion "1"]
[SourceVersionDate "2020.10.23"]
[SourceQuality "1"]

1. e4 e6 2. d3 d5 3. Nd2 Nf6 4. Ngf3 c5 5. c3 Nc6 6. g3 Be7 7. Bg2 b5 8. 0-0 0-0 9. Re1 Rb8 10. e5 Nd7 11. Nf1 b4 12. Qc2 bxc3 13. bxc3 Ba6 14. Bf4 Qc7 15. Ne3 Rb6 16. Nxd5 exd5 17. e6 Qb7 18. exd7 Rb2 19. Qd1 Qxd7 20. Bf1 Bf6 21. Bc1 Rbb8 22. Qc2 Qf5 23. Bf4 Rbc8 24. Rac1 g5 0-1

[Event "Aleman Memorial"]
[Site "Havana"]
[Date "2018.??.??"]
[Round "6"]
[White "Barroso Abreu, German"]
[Black "Bacerio Arruza, Alejandro"]
[Result "0-1"]
[WhiteElo "1943"]
[BlackElo "2054"]
[PlyCount "132"]
[EventDate "2018.02.02"]
[EventType "swiss"]
[EventRounds "7"]
[EventCountry "CUB"]
[SourceTitle "EXT 2021"]
[Source "ChessBase"]
[SourceDate "2020.10.23"]
[SourceVersion "1"]
[SourceVersionDate "2020.10.23"]
[SourceQuality "1"]

1. e4 d6 2. d4 Nf6 3. Nc3 Nbd7 4. f4 e5 5. Nf3 exd4 6. Qxd4 c6 7. e5 dxe5 8. fxe5 Bc5 9. Qf4 Qe7 10. Be2 Nd5 11. Nxd5 cxd5 12. Be3 Bxe3 13. Qxe3 Qb4+ 14. c3 Qxb2 15. e6 0-0 16. exf7+ Rxf7 17. 0-0 Qb6 18. Nd4 Nf6 19. Bh5 Rf8 20. Rab1 Qd6 21. Bf3 b6 22. Nb5 Qd7 23. c4 Ba6 24. Qb3 Bxb5 25. Qxb5 Rad8 26. cxd5 Qxb5 27. Rxb5 Rd6 28. Rd1 Rc8 29. Rb2 Rc5 30. Rbd2 g5 31. g3 Kf7 32. Kf2 Rc3 33. Rd3 Rxd3 34. Rxd3 Nd7 35. Rc3 Nc5 36. Ke3 Ke7 37. Kd4 Rh6 38. Rc2 Kd6 39. Bg4 Rf6 40. Re2 Rf8 41. h3 h6 42. a3 Nb3+ 43. Kc4 Nc5 44. Kd4 a6 45. Rb2 b5 46. Rc2 Nb3+ 47. Ke3 Na5 48. Kd4 h5 49. Rc8 Nb3+ 50. Kc3 Rxc8+ 51. Bxc8 Nc5 52. Kd4 h4 53. gxh4 gxh4 54. Bf5 a5 55. Bg4 Na6 56. Be2 Nc7 57. Bd3 b4 58. axb4 axb4 59. Bc4 Ne8 60. Bb3 Nf6 61. Ba2 Nh7 62. Bc4 Ng5 63. Bf1 b3 64. Kc3 Ne4+ 65. Kd4 b2 66. Bd3 Nf2 0-1

[Event "Havana Gilberto Garcia Memorial"]
[Site "Havana"]
[Date "2018.??.??"]
[Round "9"]
[White "Barroso Abreu, German"]
[Black "Otero Marino, Alain"]
[Result "1/2-1/2"]
[WhiteElo "1904"]
[BlackElo "2025"]
[PlyCount "61"]
[EventDate "2018.03.29"]
[EventType "tourn"]
[EventRounds "9"]
[EventCountry "CUB"]
[SourceTitle "EXT 2021"]
[Source "ChessBase"]
[SourceDate "2020.10.23"]
[SourceVersion "1"]
[SourceVersionDate "2020.10.23"]
[SourceQuality "1"]

1. e4 e5 2. Nc3 Nf6 3. f4 d5 4. fxe5 Nxe4 5. Nf3 Bc5 6. d4 Bb4 7. Bd2 Bxc3 8. bxc3 c5 9. Bd3 Nxd2 10. Qxd2 c4 11. Be2 0-0 12. 0-0 Nc6 13. Rab1 a6 14. Rf2 b5 15. Rbf1 h6 16. Qf4 Qa5 17. Nh4 Be6 18. Qg3 Ne7 19. Bh5 Qxa2 20. Rf6 Qxc2 21. Rxh6 Qd3 22. Qg5 Ng6 23. Rd1 gxh6 24. Qxh6 Qc2 25. Rc1 Qxc1+ 26. Qxc1 Nxh4 27. Qg5+ Ng6 28. Bxg6 fxg6 29. Qxg6+ Kh8 30. Qh6+ Kg8 31. Qxe6+ 1/2-1/2